The autobiography of Benjamin Franklin / (Record no. 23880)
[ view plain ]
| 000 -LEADER | |
|---|---|
| fixed length control field | 00741cam a2200229u 4500 |
| 001 - CONTROL NUMBER | |
| control field | 8317155 |
| 003 - CONTROL NUMBER IDENTIFIER | |
| control field | BDDh-ASL |
| 005 - DATE AND TIME OF LATEST TRANSACTION | |
| control field | 20231015030311.0 |
| 008 - FIXED-LENGTH DATA ELEMENTS--GENERAL INFORMATION | |
| fixed length control field | 810403s1885 e ah 000 0aeng |
| 010 ## - LIBRARY OF CONGRESS CONTROL NUMBER | |
| LC control number | 40037617 |
| 040 ## - CATALOGING SOURCE | |
| Original cataloging agency | DLC |
| Transcribing agency | CarP |
| Modifying agency | DLC |
| -- | BDDh-ASL |
| 050 00 - LIBRARY OF CONGRESS CALL NUMBER | |
| Classification number | E302.6.F7 |
| Item number | A2 1926a |
| 082 ## - DEWEY DECIMAL CLASSIFICATION NUMBER | |
| Classification number | 923.243 |
| Item number | SPA |
| 100 1# - MAIN ENTRY--PERSONAL NAME | |
| Personal name | Franklin, Benjamin, |
| Dates associated with a name | 1706-1790. |
| 245 04 - TITLE STATEMENT | |
| Title | The autobiography of Benjamin Franklin / |
| 260 ## - PUBLICATION, DISTRIBUTION, ETC. | |
| Place of publication, distribution, etc. | Garden City, N.Y., |
| -- | London: |
| Name of publisher, distributor, etc. | Garden City publishing co., inc. |
| -- | George Bell and Sons, |
| Date of publication, distribution, etc. | [1926] |
| -- | 1885. |
| 300 ## - PHYSICAL DESCRIPTION | |
| Extent | 154 p. |
| Dimensions | 18 cm. |
| 600 10 - SUBJECT ADDED ENTRY--PERSONAL NAME | |
| 9 (RLIN) | 3639 |
| Personal name | Franklin, Benjamin |
| 700 1# - ADDED ENTRY--PERSONAL NAME | |
| Personal name | Pine, Frank Woodworth, |
| Dates associated with a name | 1869- |
| Relator term | ed. |
| 906 ## - LOCAL DATA ELEMENT F, LDF (RLIN) | |
| a | 0 |
| b | cbc |
| c | premunv |
| d | u |
| e | ncip |
| f | 19 |
| g | y-gencatlg |
| 942 ## - ADDED ENTRY ELEMENTS (KOHA) | |
| Source of classification or shelving scheme | Dewey Decimal Classification |
| Koha item type | Books |
| Withdrawn status | Lost status | Source of classification or shelving scheme | Damaged status | Not for loan | Collection code | Home library | Current library | Shelving location | Date acquired | Source of acquisition | Total Checkouts | Full call number | Barcode | Date last seen | Copy number | Price effective from | Koha item type | Public note |
|---|---|---|---|---|---|---|---|---|---|---|---|---|---|---|---|---|---|---|
| Dewey Decimal Classification | Damaged | Not For Loan | Non-fiction | Asiatic Society Library | Asiatic Society Library | General Stacks | 04/06/2021 | ASB Library Collections | 923.243 SPA | 108431 | 04/06/2021 | C-1 | 04/06/2021 | Books | Rare |